| Поле | Название | Значение |
| |
Тип записи |
a |
| |
Библиографический уровень |
m |
| 001 |
Контрольный номер |
99597129c3e14b3c8dd8590833e0d0b6 |
| 005 |
Дата корректировки |
20150326132048.6 |
| 010 |
Индекс ISBN |
__ |
| a |
ISBN |
5-85500-475-9 |
| 101 |
Язык документа |
0_ |
| a |
Язык текста |
rus |
| 102 |
Страна публикации |
__ |
| a |
Страна публикации |
RU |
| 200 |
Заглавие и сведения об ответственности |
1_ |
| a |
Заглавие |
Практикум по внешнеэкономической деятельности предприятий |
| b |
Общее обозначение материала |
Текст |
| e |
Сведения, относящиеся к заглавию |
учеб. пособие для вузов |
| f |
Первые сведения об ответственности |
Н.А. Сберегаев |
| 205 |
Сведения об издании |
__ |
| a |
Основные сведения об издании |
3-е изд., прераб. и доп. |
| 210 |
Выходные данные |
1_ |
| a |
Место издания |
Калининград |
| c |
Издательство |
ОГУП "Калининград. кн. изд-во" |
| d |
Дата издания |
2003 |
| 215 |
Физическое описание |
__ |
| a |
Объем |
208 с. |
| 610 |
Ключевые слова |
0_ |
| a |
Ключевые слова |
анализ эффективности экспортно-имортных операций |
| a |
Ключевые слова |
коммерческий кредит |
| a |
Ключевые слова |
расчет экспортно-импортных цен |
| a |
Ключевые слова |
валютные условия контрактов |
| a |
Ключевые слова |
таможенная стоимость товара |
| a |
Ключевые слова |
таможенные и страховые платежи |
| a |
Ключевые слова |
ценные бумаги компаний, их доходность |
| a |
Ключевые слова |
операции с ценными бумагами на фондовых биржах |
| a |
Ключевые слова |
лицензионная торговля |
| a |
Ключевые слова |
иностранные инвестиции |
| a |
Ключевые слова |
организационно-правовая форма предприятия |
| a |
Ключевые слова |
лизинг |
| 686 |
Индексы других классификаций |
__ |
| a |
Классификационный индекс |
65.298я73 |
| 700 |
Автор |
_1 |
| a |
Фамилия |
Сберегаев Н. А. |
| 801 |
Источник записи |
_0 |
| a |
Страна |
RU |
| b |
Организация |
РУК |
| g |
Правила каталогизации |
PSBO |
| 801 |
Источник записи |
_1 |
| a |
Страна |
RU |
| b |
Организация |
РУК |
| g |
Правила каталогизации |
PSBO |
| 852 |
Данные о местонахождении |
__ |
| i |
Авторский знак |
С 23 |
| j |
Шифр хранения |
65.298 |
| 901 |
Тип документа |
__ |
| t |
Тип документа |
m |
| 937 |
Технологическая информация |
__ |
| a |
Создатель записи (имя) |
Бегун |
| 938 |
Служебная информация |
__ |
| a |
Название организации |
Калининградский филиал |
| 952 |
Тип литературы |
__ |
| b |
Гриф литературы для ВШ |
гриф УМО |